| 000 | 01064cam a22003017a 4500 | ||
|---|---|---|---|
| 005 | 20220817043110.0 | ||
| 008 | 971010s1992 r 00010 d | ||
| 010 | _a65648 | ||
| 011 | _a66620 | ||
| 035 | _a75063 | ||
| 082 |
_a636.08 _bW3y 1990 |
||
| 100 | 0 | 0 |
_aWarwick, Everett James. _9121126 |
| 245 | 0 | _aCría y mejora del ganado | |
| 260 |
_aMéxico : _bInteramericana, _c1992 |
||
| 300 |
_a344 p. _b; ilus. |
||
| 500 | _aTrad. de: Breeding and improvement of farm animals, 8 ed. de 1990 | ||
| 590 |
_aBATCH-UPD _b10 _c20130110 _lUCH01 _h1159 |
||
| 590 |
_aBATCH-UPD _b10 _c20130410 _lUCH01 _h0741 |
||
| 590 |
_aBATCH-UPD _b10 _c20130914 _lUCH01 _h1500 |
||
| 590 |
_aCONVERSION _b10 _c20130109 _lUCH01 _h1336 |
||
| 650 | 1 | 4 |
_aGanadería. _944604 |
| 650 | 1 | 4 | _aGenética animal. |
| 700 | 0 |
_aLegates, James Edward. _965646 |
|
| 901 | _aBK | ||
| 949 |
_a636.08 W3y 1990 _bZ _cLIBRO _d-68142 _eLIBRO _fc.2 _h1299 _i75063 _si |
||
| 949 |
_a636.08 W3y 1990 _bZ _cLIBRO _d-68143 _eLIBRO _fc.3 _h1300 _i75063 _si |
||
| 949 |
_a636.08 W3y 1990 _bZ _cLIBRO _d-7995 _eLIBRO _h1298 _i75063 _si |
||
| 999 |
_c65648 _d65648 |
||